Postacie historyczne według zdjęcia #7-polska edycja - Statystyki

Ogólne statystyki
  • Ten quiz został rozwiązany 549 razy
  • Średni wynik to 8 z 20
Statystyki odpowiedzi
Obrazkowy Hint Odpowiedź % Poprawnych
1946-2021 Krzysztof Krawczyk
85%
1362-1434 Władysław Jagiełło
79%
1864-1939 Roman Dmowski
78%
1373–1399 Jadwiga Andegaweńska
77%
1746-1817 Tadeusz Kościuszko
73%
1865-1922 Gabriel Narutowicz
59%
1187-1247 Konrad Mazowiecki
58%
1927-2013 Tadeusz Mazowiecki
56%
1905-1982 Władysław Gomułka
46%
1894-1953 Julian Tuwim
34%
1826–1864 Romuald Traugutt
26%
1871-1919 Róża Luksemburg
19%
1793-1876 Aleksander Fredro
15%
1866-1936 Ignacy Daszyński
14%
1241-1288 Leszek Czarny
13%
1755-1826 Stanisław Staszic
13%
1794-1850 Józef Bem
11%
1896-1980 Zygmunt Berling
11%
1888-1974 Eugeniusz Kwiatkowski
10%
1903-1978 Aleksander Kamiński
6%
Nie znaleziono quizów pasujących do podanych kryteriów
Rozkład punktacji
Procent ludzi z każdym wynikiem
Percentyl według liczby udzielonych odpowiedzi
Twoja historia wyników
Nie rozwiązałeś tego quizu